000 00406nam a2200169Ia 4500
008 230711s9999||||xx |||||||||||||| ||und||
020 _a81-219-2594-0
041 _aENG
082 _a620.112
_bRA-S
100 _aRajput,R.K
245 0 _aStrength of materials
250 _a5th Ed.
260 _c2010
_aNew Delhi
_bS.Chand Publishing
300 _a1448
650 _aMechanical Engineering
942 _cBK
999 _c8756
_d8756